000 00571nam a2200193 a 4500
005 20140310183317.0
008 051122s19uu xx 00 eng d
020 _a0-7020-2749-9
050 _aQP 34.5
_b.W38 2005
100 _aWatson, Roger
245 _aAnatomy and physiology for nurses /
_cRoger Watson.
260 _aEdinburgh :
_bElseviere,
_c2005.
300 _a401 p. :
_bcol. ill. ;
_c22 cm.
521 _aNUR
650 _aHuman Anatomy
_xNurse's Instruction.
650 _aHuman Physiology
_xNurse's Instruction.
942 _cBK
_2lcc
_kFOR
999 _c21301
_d21301